00559nam a2200205 a 4500001001300000003000900013005001700022008004100039020002500080082001700105100001500122245006100137260003100198300000900229500003500238505002400273650001800297650002300315700001500338nice12345678IN_TiNIC20260116012300.0050524s1983 lona grp 000 0 eng  a0861048 c292.300a955.054bNIM aNima, Ramy aWrath of Allahb Islamic Revolution and Reaction in Iran aLondonbPluto Press c1983 a170p aincludes index and biblioraphy2 aNotes and Refernces aIran-Politics aIslam and Politics1 aNima, Ramy